000 00546nam a22002057a 4500
003 OSt
005 20170105103440.0
008 120202t xxu||||| |||| 00| 0 eng d
020 _a9780071455497
040 _cASAB
050 _a617.9
100 _aPainer W G Gruessner
_926
245 _aLiving Donor Organ Transplantation
_cRainer W. G Gruessner
250 _aIntermational
260 _aNew York
_bMcGraw Hill
_c2008
300 _a790
440 _aLiving Donor Organ Transplantation
_927
650 _2Transplantation
_928
942 _2ddc
_cBK
999 _c16438
_d16438